LEADER 00925nam a2200229 i 4500 001 000000205899 003 CaOOAMICUS 005 20160615000000.0 008 160615n it u000 u ita u 013 $a184645 040 $aSeMil$bita 100 1 $aGualandi, Armando.$0(OLS)http://semarc/name/38554 245 10$aMaria Goretti :$bmartire della purità /$cSac. Prof. Armando Gualandi della Pia Società S. Paolo. 250 $a5. Edizione. 260 $a[S.l.] :$bEdizioni Paoline,$c199?] 300 $a255 p. ;$c18 cm. 600 14$aGoretti, Maria .$0(OLS)http://semarc/subject/21231 850 $aSeMil 852 $aSeMil$W1$xVenegono$y1$m3H V 360$j156388$B156388$CSeMilBibl$Z2$F167742 $81 961 $aLascito: Orsenigo don Elia 996 $6245$aMaria Goretti :$bmartire della purità$9(OLS)http://semarc/title/297947 996 $6260$a[S.l.] :$bEdizioni Paoline$9(OLS)http://semarc/publisher/36818 LEADER 00978nam a2200205 i 4500 001 000000032854 003 CaOOAMICUS 005 20180830125450.0 008 180830s1858 it u000 u ita u 040 $aSeMil$bita 100 1 $aBareille, Jean-François,$d<1913-1895>.$0(OLS)http://semarc/name/13143 245 10$aStoria di s. Tommaso d'Aquino dell'Ordine de' Padri Predicatori /$cdell'abate Bareille ; versione italiana di C. Grolli. 260 $aNapoli :$bAndrea Festa,$c1858. 300 $a2 v. ;$c15 cm. 600 04$aTommaso : d'Aquino .$0(OLS)http://semarc/subject/115 773 0 $tRaccolta di vite di santi.$dNapoli : Andrea Festa, 1858.$w()9729 774 0 $tVol. 1.$kRaccolta di vite di santi$g1$w()92438 774 0 $tVol. 2.$kRaccolta di vite di santi$g2$w()246893 996 $6245$aStoria di s. Tommaso d'Aquino dell'Ordine de' Padri Predicatori$9(OLS)http://semarc/title/44481 996 $6260$aNapoli :$bAndrea Festa$9(OLS)http://semarc/publisher/32661